LEADER 03038 am 2200577 n 450 001 9910416470203321 005 20200206 010 $a2-36781-340-X 024 7 $a10.4000/books.pulm.4376 035 $a(CKB)4100000010677919 035 $a(FrMaCLE)OB-pulm-4376 035 $a(oapen)https://directory.doabooks.org/handle/20.500.12854/41310 035 $a(PPN)243312776 035 $a(EXLCZ)994100000010677919 100 $a20200324j|||||||| ||| 0 101 0 $afre 135 $auu||||||m|||| 181 $ctxt$2rdacontent 182 $cc$2rdamedia 183 $acr$2rdacarrier 200 12$aL'art de gouverner chinois dans les périodiques de langue française de 1750 à 1789 /$fLi Ma 210 $aMontpellier $cPresses universitaires de la Méditerranée$d2020 215 $a1 online resource (286 p.) 311 $a2-36781-324-8 330 $aLe XVIIIe siècle ouvre une nouvelle ère dans l?histoire des échanges culturels franco-chinois. La Chine apparaît non seulement comme un pays mystérieux, qui inspire les auteurs de fiction, mais encore, aux yeux des philosophes, comme une nation qui mérite d?être étudiée. Ce livre porte sur un domaine jusqu?à présent peu exploré dans les travaux sur les échanges culturels entre la France et la Chine, à savoir la presse. L?empire chinois étant davantage évoqué dans les périodiques de la seconde partie du XVIIIe siècle, notre étude se concentre sur une période de 40 ans, de 1750-1789, ce qui nous permet de dégager et d?analyser les opinions beaucoup plus variées par rapport à celles formulées dans la première moitié du siècle. Nous nous intéressons donc principalement à l?un des objets qui occupent le plus les rédacteurs, et sans doute celui qui les conduit à formuler les opinions les plus variées : l?art de gouverner chinois. Nous avons étudié, d?une part, les représentations de l?art de gouverner chinois dans les périodiques, leur formation, leur évolution, ainsi que leur réception dans la société française ; et d?autre part, le rôle d?intermédiaire culturel joué par les périodiques dans la transmission des connaissances et des opinions concernant la Chine. 606 $aLiterature (General) 606 $aChine 606 $aFrance 606 $aXVIIIe siècle 606 $apériodiques 606 $aart de gouverner 606 $aéchanges culturels 610 $aXVIIIe siècle 610 $aéchanges culturels 610 $apériodiques 610 $aChine 610 $aFrance 610 $aart de gouverner 615 4$aLiterature (General) 615 4$aChine 615 4$aFrance 615 4$aXVIIIe siècle 615 4$apériodiques 615 4$aart de gouverner 615 4$aéchanges culturels 700 $aMa$b Li$01229060 801 0$bFR-FrMaCLE 906 $aBOOK 912 $a9910416470203321 996 $aL'art de gouverner chinois dans les périodiques de langue française de 1750 à 1789$93034656 997 $aUNINA LEADER 03373nam 2200889z- 450 001 9910576871003321 005 20220621 035 $a(CKB)5720000000008466 035 $a(oapen)https://directory.doabooks.org/handle/20.500.12854/84578 035 $a(oapen)doab84578 035 $a(EXLCZ)995720000000008466 100 $a20202206d2022 |y 0 101 0 $aeng 135 $aurmn|---annan 181 $ctxt$2rdacontent 182 $cc$2rdamedia 183 $acr$2rdacarrier 200 00$aConstructed and Floating Wetlands for Sustainable Water Reclamation 210 $cMDPI - Multidisciplinary Digital Publishing Institute$d2022 215 $a1 online resource (214 p.) 311 08$a3-0365-3214-5 311 08$a3-0365-3215-3 330 $aConstructed wetlands (CWs) are engineered phytoremediation ecotechnologies. Herein, the two main biotic components, namely, plants and the bacterial community, work synergistically to remove a wide range of pollutants from wastewater. CWs have been used as sole treatment systems or as integrated modules within other types of wastewater-treatment plants (WWTPs), e.g., as tertiary treatment units. This Special Issue and Book gathers and appraises recent research outcomes regarding natural wetlands (i.e., mangroves) and engineered wetlands (constructed/floating systems), and highlights the underlying pollutant-degradation pathways and mechanisms for a wide range of organic and inorganic contaminants. 606 $aHistory of engineering & technology$2bicssc 606 $aTechnology: general issues$2bicssc 610 $aacetaminophen 610 $aaerobic conditions 610 $aagricultural runoff 610 $aanaerobic conditions 610 $aantibiotic resistant genes 610 $aaquatic plants 610 $abacteria 610 $abio-augmentation 610 $abiodegradation 610 $achemicals of emerging concern 610 $aCOD 610 $aconstructed wetlands 610 $aCyperus laevigatus L 610 $adetergents 610 $adiesel oil 610 $adye degradation 610 $afloating aquatic plants 610 $afloating treatment wetlands 610 $aheavy metal 610 $ahydroponic root mats 610 $alivestock wastewater 610 $amangrove sediments 610 $amicrobes 610 $an/a 610 $aPhragmites australis 610 $aphytoremediation 610 $aplant-bacteria partnership 610 $aplant-bacteria synergism 610 $aplants 610 $apollutants 610 $atextile effluent 610 $atotal nitrogen 610 $atotal suspended solids 610 $atoxicity 610 $aTypha latifolia L. 610 $aV-SSF systems 610 $aveterinary antibiotics 610 $awastewater 610 $awastewater treatment 610 $awater 615 7$aHistory of engineering & technology 615 7$aTechnology: general issues 700 $aArslan$b Muhammad$4edt$01300060 702 $aAfzal$b Muhammad$4edt 702 $aAnjum$b Naser A$4edt 702 $aArslan$b Muhammad$4oth 702 $aAfzal$b Muhammad$4oth 702 $aAnjum$b Naser A$4oth 906 $aBOOK 912 $a9910576871003321 996 $aConstructed and Floating Wetlands for Sustainable Water Reclamation$93025387 997 $aUNINA